• 首页
  • 本馆介绍
  • 公告通知
  • 最新文献
  • 馆藏检索
  • 电子资源
  • 读者导购
  • 参考咨询
  • 我的图书馆
  • 登录
  • 详细信息显示
  • 放入我的书架
  • 预约/预借图书
  • 作者相关作品
  • 分类相关作品
  • 丛书相关作品
  • 出版社相关作品

书目信息

  • 表格格式
  • 工作单格式
  • 卡片格式
题名:
气动激光技术
    
 
作者: 朱宗厚 , 谈洪 著
分册:  
出版信息: 北京   国防工业出版社  1977
页数: 411页
开本: 20cm
丛书名:
单 册:
中图分类: TN248.2 , TN24
科图分类:
主题词: 气动激光技器
电子资源:
ISBN:
000 00621nam0 2200241 45
001 0177003107
005 20061123091608.17
010    @dCNY1.60
100    @a19951012d1977 em y0chiy0121 ea
101 0  @achi
102    @aCN@b110000
105    @ay z 000yy
200 10 @a气动激光技术@Aqi dong ji guang ji shu@f谈洪,朱宗厚著
210    @a北京@c国防工业出版社@d1977
215    @a411页@d20cm
606    @a气动激光技器
690    @aTN248.2@v3 
690    @aTN24@v3
701  0 @a朱宗厚@Azhu zong hou@4著
701  0 @a谈洪@Atan hong@4著
801  2 @aCN@bNLC@c20061123
801  0 @aCN@bTSSF
905    @a10447@dTN24@e4
    
    气动激光技术/谈洪,朱宗厚著.-北京:国防工业出版社,1977
    411页;20cm
    
    
    ISBN :CNY1.60
    
●
相关链接 在E读中查询图书 在五车中查询图书 在当当中查询图书 在豆瓣中查询图书


正题名:气动激光技术     索取号:TN24/4         预约/预借

序号 登录号 条形码 馆藏地/架位号 状态 备注
1 0003118   001350870   第二样本阅览室/ [索取号:TN24/4] 在馆    
唐山师范学院图书馆 欢迎您!
大连网信软件有限公司© 版权所有